00293nam a22001217a 4500003000400000008004100004020001800045100002600063245002400089250001100113260003900124300000800163OSt240224b |||||||| |||| 00| 0 eng d a9789352665831 aSTONE,William Clement aBelieve and Achieve a1st Ed aUPbHarperCollins Publishersc2017 a322